Loading...
Literature - British Literature | 0 | 5 | 0 | 0 | 50 | 101 | 131.40 | 1 | 3 |
Literature - American Literature | 0 | 3 | 0 | 0 | 30 | 127 | 132.33 | 0 | 2 |
Literature - European Literature | 0 | 2 | 0 | 2 | 20 | 132 | 137.00 | 0 | 1 |
Literature - World Literature | 0 | 2 | 0 | 1 | 20 | 140 | 141.50 | 0 | 0 |
Fine Arts - Painting and Sculpture | 0 | 2 | 0 | 0 | 20 | 100 | 101.00 | 0 | 2 |
Fine Arts - Other Fine Arts | 0 | 1 | 0 | 0 | 10 | 108 | 108.00 | 1 | 1 |
History - American History | 0 | 1 | 0 | 0 | 10 | 74 | 74.00 | 0 | 1 |
History - European History | 0 | 1 | 0 | 0 | 10 | 88 | 88.00 | 0 | 0 |
Philosophy | 0 | 0 | 0 | 0 | 0 | 0.00 | 0 | 0 | |
Science - Physics | 0 | 0 | 0 | 0 | 0 | 0.00 | 0 | 0 |